[Event "GER-chT U16 Girls"]
[Site "Neumuenster"]
[Date "2022.12.28"]
[Round "3"]
[White "Wehling, Ida"]
[Black "Grozea, Cristiana Patricia"]
[Result "1-0"]
[WhiteElo "1047"]
[BlackElo "1160"]
[PlyCount "35"]
[EventDate "2022.12.26"]
[EventType "team-swiss"]
[EventRounds "7"]
[EventCountry "GER"]
[SourceTitle "CBM 212 Extra"]
[Source "ChessBase"]
[SourceDate "2023.03.31"]
[SourceVersion "1"]
[SourceVersionDate "2023.03.31"]
[SourceQuality "1"]
[WhiteTeam "Raesfeld Erle"]
[BlackTeam "Oberschoeneweide"]
[WhiteTeamCountry "GER"]
[BlackTeamCountry "GER"]

1. e4 e5 2. Nf3 Nc6 3. Bc4 Bc5 4. c3 Nf6 5. d4 exd4 6. cxd4 Bb4+ 7. Nc3 Nxe4 8. 0-0 Bxc3 9. d5 Bf6 10. Re1 Ne7 11. Rxe4 d6 12. Bg5 Bxg5 13. Nxg5 0-0 14. Nxh7 Bf5 15. Rh4 Nxd5 16. Qh5 Bg6 17. Nf6+ Qxf6 18. Qh8# 1-0

[Event "GER-chT U16 Girls"]
[Site "Neumuenster"]
[Date "2022.12.27"]
[Round "2"]
[White "Grozea, Cristiana Patricia"]
[Black "Einacker, Anika"]
[Result "0-1"]
[WhiteElo "1160"]
[BlackElo "1212"]
[PlyCount "180"]
[EventDate "2022.12.26"]
[EventType "team-swiss"]
[EventRounds "7"]
[EventCountry "GER"]
[SourceTitle "CBM 212 Extra"]
[Source "ChessBase"]
[SourceDate "2023.03.31"]
[SourceVersion "1"]
[SourceVersionDate "2023.03.31"]
[SourceQuality "1"]
[WhiteTeam "Oberschoeneweide"]
[BlackTeam "Hamburger SK"]
[WhiteTeamCountry "GER"]
[BlackTeamCountry "GER"]

1. e4 c5 2. Nf3 e6 3. g3 d5 4. exd5 exd5 5. d4 Nf6 6. Bg2 c4 7. c3 Bd6 8. 0-0 0-0 9. Re1 b5 10. b3 Nc6 11. Nbd2 Be6 12. Ne5 Bxe5 13. dxe5 Nd7 14. Nf3 Re8 15. Ng5 Nf8 16. Qf3 Qc7 17. Bf4 a5 18. Rad1 Ne7 19. Nxe6 Nxe6 20. Qg4 Nxf4 21. Qxf4 Ng6 22. Qf5 Rxe5 23. Rxe5 Nxe5 24. Rxd5 Re8 25. Be4 g6 26. Qf6 Nd7 27. Qd4 Qc6 28. Bg2 Re1+ 29. Bf1 Nf6 30. Rd8+ Kg7 31. Rd6 Qf3 32. Qb6 Qxc3 33. Qxb5 cxb3 34. Qxb3 Qxb3 35. axb3 Rb1 36. Ra6 Ra1 37. b4 a4 38. b5 a3 39. b6 Nd7 40. b7 a2 41. Kg2 Rb1 42. Rxa2 Rxb7 43. Ba6 Ra7 44. Bc4 Rxa2 45. Bxa2 Kf6 46. h4 h6 47. f4 Kg7 48. g4 Nf8 49. Bb1 Nh7 50. f5 Nf6 51. Kg3 g5 52. Ba2 Nd7 53. Bd5 f6 54. Kf3 gxh4 55. Kg2 Ne5 56. Kh3 Nd3 57. Kxh4 Nf4 58. Kg3 Nxd5 59. Kh3 Ne7 60. Kh4 Nc6 61. Kg3 Nd8 62. Kh4 Nf7 63. Kg3 Kf8 64. Kf4 Ke7 65. Kg3 Kd6 66. Kf3 Ke5 67. Kg3 Nd6 68. Kh4 Nxf5+ 69. gxf5 Kxf5 70. Kh5 Kf4 71. Kxh6 Kg4 72. Kg6 f5 73. Kf6 f4 74. Ke5 Kg3 75. Ke4 f3 76. Ke3 Kg2 77. Kd2 f2 78. Ke3 f1Q 79. Ke4 Qf3+ 80. Ke5 Kg3 81. Ke6 Qf4 82. Kd5 Kg4 83. Ke6 Qf5+ 84. Kd6 Kf4 85. Kc6 Ke4 86. Kb6 Kd4 87. Ka6 Qb1 88. Ka7 Kc5 89. Ka8 Kc6 90. Ka7 Qb7# 0-1